Pure Vanilla HermitCraft Members - Statistics

General Stats
  • This quiz has been taken 21 times
    12 since last reset
  • The average score is 5 of 10
Answer Stats
Seasons Answer % Correct
8-11 GeminiTay
100%
6-11 Grian
100%
8-11 PearlescentMoon
100%
10-11 SmallishBeans
100%
1 Sokar
40%
1 Brenybeast
20%
2 Dewtroid
20%
1 Dinnerbone
20%
1 Marc IRL
20%
1 Shawnvmartin
20%
No matching quizzes found
Score Distribution
Percent of People with Each Score
Percentile by Number Answered
Your Score History
You have not taken this quiz since the last reset